Countries That Visit Spain The Most - Statistics

General Stats
  • This quiz has been taken 67 times
  • The average score is 17 of 20
Answer Stats
Tourists Country % Correct
18,502,722 United Kingdom
100%
2,949,710 United States
100%
11,343,649 France
98%
4,382,503 Italy
96%
446,719 Canada
95%
1,222,426 Russia
95%
2,346,405 Portugal
93%
11,414,481 Germany
91%
2,049,272 Ireland
87%
2,500,278 Belgium
85%
499,803 Mexico
85%
3,848,545 Netherlands
85%
714,774 Argentina
82%
649,032 China
80%
550,681 Japan
80%
1,884,783 Switzerland
80%
558,674 Brazil
76%
292,949 Turkey
69%
490,631 South Korea
56%
317,696 Israel
24%
No matching quizzes found
Score Distribution
Percent of People with Each Score
Percentile by Number Answered
Your Score History
You have not taken this quiz